The soul of a new machine
Αποθηκεύτηκε σε:
| Κύριος συγγραφέας: | |
|---|---|
| Μορφή: | Βιβλίο |
| Γλώσσα: | English |
| Δημοσίευση: |
New York :
Modern Library,
1997
|
| Σειρά: | Modern library of the world's best books
|
| Θέματα: | |
| Ετικέτες: |
Προσθήκη ετικέτας
Δεν υπάρχουν, Καταχωρήστε ετικέτα πρώτοι!
|
MARC
| LEADER | 00000cam a2200000 i 4500 | ||
|---|---|---|---|
| 001 | 1/99952 | ||
| 008 | 000222s1997 eng d | ||
| 020 | |a 0679602615 | ||
| 035 | |l 10057084 | ||
| 040 | |a GR-MY-UA |b gre |e aacr | ||
| 041 | 0 | |a eng | |
| 082 | 0 | |a 621.38220285 | |
| 100 | 1 | |a Kidder, Tracy. | |
| 245 | 1 | 4 | |a The soul of a new machine / |c Tracy Kidder |
| 260 | |a New York : |b Modern Library, |c 1997 | ||
| 300 | |a xii, 384 p.; |c 20 cm. | ||
| 490 | 1 | |a The modern library of the world's best books | |
| 610 | 2 | 0 | |a Data General Corporation. |
| 650 | 0 | 0 | |a Electronic digital computers |x Design and construction |x History. |
| 830 | 0 | |a Modern library of the world's best books | |
| 852 | |a INST |b SAMOS |e 20000222 |h 621.38220285 KID |p 005300015750 |q 005300015750 |t BK |y 0 | ||
| 901 | |a BIBL3-2000-1 | ||
| 922 | |a 3ΕΛΗ |b 199912 |c ΤΠΕΣ |d ΠΑΠΑΣΩΤΗΡΙΟΥ | ||
| 950 | |a 133-1999-07-20 | ||
| 970 | |a ΓΕΝΟΥΖΟΥ |b ΧΡΥΣΑΝΘΗ |z 2000/02/22 | ||